Concept research in food product design and development / (Record no. 22270)

MARC details
000 -LEADER
fixed length control field 00891nam a2200301#a 4500
001 - CONTROL NUMBER
control field 00642
003 - CONTROL NUMBER IDENTIFIER
control field HDC
007 - PHYSICAL DESCRIPTION FIXED FIELD--GENERAL INFORMATION
fixed length control field ta
008 - FIXED-LENGTH DATA ELEMENTS--GENERAL INFORMATION
fixed length control field 230623s2005 xx 000 0 eng d
020 ## - INTERNATIONAL STANDARD BOOK NUMBER
International Standard Book Number 0813824249 (hbk.).
040 ## - CATALOGING SOURCE
Original cataloging agency HDC
050 ## - LIBRARY OF CONGRESS CALL NUMBER
Classification number TX 546
Item number .M66 2005
100 ## - MAIN ENTRY--PERSONAL NAME
Personal name Moskowitz, Howard R.
245 #0 - TITLE STATEMENT
Title Concept research in food product design and development /
Statement of responsibility, etc. Howard R. Moskowitz, Sebastiano Porretta, Matthias Silcher.
250 ## - EDITION STATEMENT
Edition statement 1st ed.
264 ## - PRODUCTION, PUBLICATION, DISTRIBUTION, MANUFACTURE, AND COPYRIGHT NOTICE
Place of production, publication, distribution, manufacture Ames, Iowa :
Name of producer, publisher, distributor, manufacturer Blackwell Pub.,
Date of production, publication, distribution, manufacture, or copyright notice 2005.
300 ## - PHYSICAL DESCRIPTION
Extent xii,597p. :
Other physical details ill. ;
Dimensions 26cm.
500 ## - GENERAL NOTE
General note Includes bibliographical references and index.
650 ## - SUBJECT ADDED ENTRY--TOPICAL TERM
Topical term or geographic name entry element Commercial products
General subdivision Testing.
650 ## - SUBJECT ADDED ENTRY--TOPICAL TERM
Topical term or geographic name entry element Food
General subdivision Sensory evaluation.
700 ## - ADDED ENTRY--PERSONAL NAME
Personal name Porretta, Sebastiano.
700 ## - ADDED ENTRY--PERSONAL NAME
Personal name Silcher, Matthias.
700 ## - ADDED ENTRY--PERSONAL NAME
Personal name Silcher, Matthias.
942 ## - ADDED ENTRY ELEMENTS (KOHA)
Source of classification or shelving scheme Library of Congress Classification
942 ## - ADDED ENTRY ELEMENTS (KOHA)
Koha item type Book
942 ## - ADDED ENTRY ELEMENTS (KOHA)
Call number prefix TX 546
942 ## - ADDED ENTRY ELEMENTS (KOHA)
Call number suffix .M66 2005
Holdings
Withdrawn status Lost status Source of classification or shelving scheme Damaged status Not for loan Collection Home library Current library Shelving location Date acquired Total checkouts Full call number Barcode Date last seen Price effective from Koha item type
    Library of Congress Classification     Non-fiction Halal Development Corporation Library Halal Development Corporation Library Open Shelves 17/11/2020   TX 546 .M66 2005 HDC 0000296 24/05/2023 24/05/2023 Book
Halal Development Corporation Berhad (HDC)
5.02 Level 5, KPMG Tower, First Avenue, Persiaran Bandar Utama, 47800 Petaling Jaya, Selangor Darul Ehsan
Phone: +603 7965 5489 Email: [email protected]